O Direito Como Integridade Comunicativa

Detalles Bibliográficos
Autor principal: Pamponet Miguel, Daniel Oitaven
Formato: eBook
Lenguaje:portugués
Publicado: San Pablo: Letras Jurídicas Editora, 2012
Materias:
Acceso en línea:Acceso restringido

MARC

LEADER 00000nam a22000007a 4500
005 20200724010137.0
007 cr|||| ||||
008 200724s2012 br |||||s|||| 00||0 por d
020 |a 978-85-89917-72-8 
035 |a 31898 
040 |a vLex 
090 |c 10716  |d 10716 
100 1 |a Pamponet Miguel, Daniel Oitaven 
245 1 0 |a O Direito Como Integridade Comunicativa  |h [Recurso electrn̤ico] /  |c Daniel Oitaven Pamponet Miguel 
256 |a Servicio en ln̕ea 
260 |a San Pablo:  |b Letras Jurídicas Editora,  |c 2012 
300 |a 1 recurso electrn̤ico 
500 |a O presente projeto intenta aferir a viabilidade de uma orientaȯ̂ interpretativo-aplicativa do direito capaz de concretizar os direitos constitucionais fundamentais sem recair no problema da discricionariedade tp̕ica do pensamento normativista. Para tal desiderato, adota como eixo dialg̤ico um precedente jurisprudencial que possui como ponto controverso central a aplicabilidade do instituto do princp̕io da proibiȯ̂ de retrocesso social. 
506 1 |a Disponible solo en los productos indicados  |d vLex Global  |d vLex Global (Academic Edition, excluding Law Schools)  |d vLex Global (U.S. Academic Edition, Law Schools)  |d vLex Global (U.S. Academic Edition, excluding Law Schools)  |d vLex Global (Academic Edition, Law Schools) 
650 0 4 |a Derecho Civil  |z Brasil 
740 0 |a vLex Libros (Servicio en ln̕ea) 
856 4 0 |u http://vlex.com/source/direito-como-integridade-comunicativa-31898  |z Acceso restringido 
942 |c BOOK 
999 0 |a Civil Law